Richard III (Record no. 13202)
[ view plain ]
| 000 -LEADER | |
|---|---|
| fixed length control field | 00414 a2200121 4500 |
| 245 ## - TITLE STATEMENT | |
| Title | Richard III |
| Remainder of title | : a medieval kingship |
| Medium | |
| 020 ## - INTERNATIONAL STANDARD BOOK NUMBER | |
| International Standard Book Number | 0312120311 |
| 260 ## - PUBLICATION, DISTRIBUTION, ETC. | |
| Place of publication, distribution, etc. | nyu |
| Name of publisher, distributor, etc. | St. Martin's Press |
| Date of publication, distribution, etc. | 1993 |
| 084 ## - | |
| -- | DA260 .R535 1993 |
| 300 ## - PHYSICAL DESCRIPTION | |
| Extent | 154 p., [12] p. of plates : ill., maps |
| Other physical details | 24 cm. |
| Dimensions | 154 p., [12] p. of plates : ill., maps ; 24 cm. |
| 500 ## - GENERAL NOTE | |
| General note | edited by John Gillingham. |
No items available.